书目信息 |
| 题名: |
音乐表演艺术原理与应用
|
|
| 作者: | 杨易禾 著 | |
| 分册: | ||
| 出版信息: | 合肥 安徽文艺出版社 2003 |
|
| 页数: | 403页 | |
| 开本: | 20cm | |
| 丛书名: | ||
| 单 册: | ||
| 中图分类: | J604.6 | |
| 科图分类: | ||
| 主题词: | 音乐表演学 | |
| 电子资源: | ||
| ISBN: | 7-5396-2254-7 | |
| 000 | 00731nam0 2200217 450 | |
| 001 | 1255239734 | |
| 005 | 20121019152115.12 | |
| 010 | @a7-5396-2254-7@dCNY23.00 | |
| 100 | @a20031222d2003 kemy0chiy50 ea | |
| 101 | 0 | @achi |
| 102 | @aCN@b340000 | |
| 105 | @ay z 000yy | |
| 200 | 1 | @a音乐表演艺术原理与应用@Ayin yue biao yan yi shu yuan li yu ying yong@f杨易禾著 |
| 210 | @a合肥@c安徽文艺出版社@d2003 | |
| 215 | @a403页@d20cm | |
| 330 | @a本书包括:音乐表演美学学科建设、从音乐作品的存在方式看表演的二度创作基础、音乐表演艺术中的文本与型号、音乐表演艺术中的个性与共性等15章。 | |
| 606 | 0 | @a音乐表演学 |
| 690 | @aJ604.6@v4 | |
| 701 | 0 | @a杨易禾@Ayang yi he@4著 |
| 801 | 0 | @aCN@bNLC@c20101222 |
| 905 | @a10447@dJ604.6@eJY237 | |
| 音乐表演艺术原理与应用/杨易禾著.-合肥:安徽文艺出版社,2003 |
| 403页;20cm |
| ISBN 7-5396-2254-7:CNY23.00 |
| 本书包括:音乐表演美学学科建设、从音乐作品的存在方式看表演的二度创作基础、音乐表演艺术中的文本与型号、音乐表演艺术中的个性与共性等15章。 |
| ● |
| 相关链接 |
|
|
|
|
正题名:音乐表演艺术原理与应用
索取号:J604.6/JY237
 
预约/预借
| 序号 | 登录号 | 条形码 | 馆藏地/架位号 | 状态 | 备注 |
| 1 | 7834416 | 278344169 | 学院路分馆/ [索取号:J604.6/JY237] | 在馆 | |
| 2 | 7834417 | 278344178 | 学院路分馆/ [索取号:J604.6/JY237] | 在馆 |